No poverty of spirit : families in Fairfield /

Saved in:
Bibliographic Details
Main Author: Rawsthorne, Margot.
Corporate Author: Ettinger House Fairfield Family Resource Centre.
Format: Book
Language:English
Published: Canley Vale, N.S.W. : Ettinger House Fairfield Family Resource Centre, 1994.
Subjects:
Tags: Add Tag
No Tags, Be the first to tag this record!
LEADER 00936nam a2200265 a 4500
001 006114882-2
005 20020606163548.3
008 950112s1994 at ab bs 000 0 eng d
020 |a 0646180843 
035 0 |a ocm38354554 
040 |a AUT  |c AUT  |d HLS 
043 |a u-at-ne 
082 0 |a 306.85099441  |2 20 
100 1 |a Rawsthorne, Margot. 
245 1 0 |a No poverty of spirit :  |b families in Fairfield /  |c by Margot Rawsthorne. 
246 3 |a Families in Fairfield. 
260 |a Canley Vale, N.S.W. :  |b Ettinger House Fairfield Family Resource Centre,  |c 1994. 
300 |a iii, 141 p. :  |b ill., maps ;  |c 30 cm. 
504 |a Includes bibliographical references (p. 135-137) 
650 0 |a Family life surveys  |z Australia  |z Fairfield (N.S.W.) 
650 0 |a Families  |z Australia  |z Fairfield (N.S.W.) 
650 0 |a Family  |z Australia  |z Fairfield (N.S.W.) 
710 2 |a Ettinger House Fairfield Family Resource Centre. 
988 |a 20020608 
906 |0 OCLC